Logo BPK

Biblioteka

Politechniki Koszalińskiej

Nie zdążyli do Andersa (berlingowcy) / (Rekord nr 29697)

Szczegóły MARC
000 -ETYKIETA REKORDU
podpole kontrolne o stałej długości 00352nam a2200145 i 4500
001 - NUMER KONTROLNY REKORDU
pole kontrolne bg
040 ## - ŹRÓDŁO KATALOGOWANIA
Instytucja, która utworzyła rekord BPK
041 ## - KOD JĘZYKA
Kod języka tekstu pol
080 ## - UNIWERSALNA KLASYFIKACJA DZIESIĘTNA - UKD
UKD 943.8.02:355:921A/Z
008 - POLE O STAŁEJ DŁUGOŚCI - DANE KONTROLNE
podpole kontrolne o stałej długości s pl f |000 0 pol
100 1# - NAZWA OSOBOWA
Nazwa osobowa DAŃKO, Bolesław
245 #0 - TYTUŁ/ODPOWIEDZIALNOŚĆ
Tytuł Nie zdążyli do Andersa (berlingowcy) /
Pozostałe elementy strefy tytułu i oznaczenia odpowiedzialności B. Dańko.
260 ## - STREFA ADRESU WYDAWNICZEGO
Miejsce wydania Londyn,
Data publikacji, dystrybucji/powstania dokumentu 1992.
856 ## - LOKALIZACJA I DOSTĘP DO ELEKTRONICZNYCH DOKUMENTÓW ZDALNYCH
Link (URL) http://koha.tu.koszalin.pl/cgi-bin/koha/opac-detail.pl?biblionumber=29697
Tekst linku Katalog online BPK
942 ## - DODATKOWE ELEMENTY (KOHA)
Typ dokumentu Książka
Egzemplarze
Wycofany Status egzemplarza Uszkodzony Dostępność Lokalizacja stała Lokalizacja bieżąca Miejsce przechowywania Sygnatura Kod kreskowy Typ dokumentu
      Dostępny Biblioteka Politechniki Koszalińskiej Biblioteka Politechniki Koszalińskiej Wypożyczalnia BG 35983 01606355 Książka
© 2023 Biblioteka Politechniki Koszalińskiej :: KOHA